| 000 | 00735nam a2200205 i 4500 | ||
|---|---|---|---|
| 003 | IT-RoINE | ||
| 005 | 20201215060818.0 | ||
| 008 | 200702s1910 sp |||||r|||| 00| | spa d | ||
| 040 | _aIT-RoINE | ||
| 245 | 0 | 0 |
_aDevoción de los siete domingos de San José : _bseguidos de oraciones para oir la Santa Misa de honor de San José y otras devociones al Santo Patriarca. |
| 260 |
_aMadrid : _bLibrería católica de G. del Amo, _c1910. |
||
| 300 |
_a206 p. ; _c15 cm. |
||
| 336 |
_2rdacontent _atext |
||
| 337 |
_2rdamedia _aunmediated |
||
| 338 |
_2rdacarrier _avolume |
||
| 500 | _aEn letra gorda. | ||
| 600 | 0 | 4 |
_968942 _aJosé, _cSanto _xLibros de oraciones y devocionarios |
| 650 | 4 |
_94218 _aLiteratura de devoción |
|
| 942 | _cMTS | ||
| 999 |
_c35646 _d35646 |
||